000 00641nam a2200241 a 4500
001 nice12345678
003 IN_TiNIC
005 20260116012301.0
008 050524s1986 newa grp 000 0 eng
020 _a0879753625
_c100
082 0 0 _a200.1
_bKUR
100 _aKurtz, Paul
245 _aThe Transcendental Temptation
_bA Critique of Religion and the Paranormal
260 _aNew York
_bPrometheus Book
_c1986
300 _a500p
500 _aincludes index and biblioraphy
650 _aReligion-Philosophy
650 _aReligion-Paranormal
700 1 _aKurtz, Paul
902 _bSRS
942 _cBK
999 _c6389
_d6389